00516nam a2200157Ia 4500008004100000020001400041040001300055050001300068100002900081245006700110260004700177300002200224504005100246650004400297999001700341 1978xxka gf a aengdc a442215401 aNG-ZaABU aTA 177.4 aChow, William Wai-Chung. 0aCost reduction in product design. /cby William Wai-Chung Chow aNew York:bVan Nostrand Reinhold Co.c1978 axii, 440p. : ill. aIncludes bibliographical references and index. aEngineering economy.;Engineering design c14083d14083